| 000 | 01771nam0a22003491 4500 | ||
|---|---|---|---|
| 001 | rc\2812213 | ||
| 005 | 20260408082023.0 | ||
| 035 | _a(NLR Aleph) 006938041 | ||
| 090 |
_a7617141 _c7617141 |
||
| 100 | _a20110915d1944 u y0rusy50 ca | ||
| 101 | 0 | _arus | |
| 102 | _aRU | ||
| 105 | _ay z ||||| | ||
| 200 | 1 |
_aСборник инструктивных материалов по дезинфекционному делу _fСоставители: врачи-дезинфекционисты И. А. Сухачева, К. Е. Козинец, М. А. Чекменева, Р. И. Наринская _gПод ред. проф. А. Н. Сысина, М. И. Хазанова и М. С. Соколовского _gНаркомздрав РСФСР, Отдел дезинфекции ПЭУ |
|
| 210 |
_aМосква _cБ. и. _d1944 |
||
| 215 |
_a132 с. _d20 см. |
||
| 300 | _aНа обороте тит. л. указаны составители: врачи-дезинфекционисты И. А. Сухачева, К. Е. Козинец, М. А. Чекменева и Р. И. Наринская | ||
| 702 | 1 |
_aСоколовский _bМ.С. _4340 |
|
| 702 | 1 |
_aСысин _bА.Н. _4340 |
|
| 702 | 1 |
_aХазанов _bМ.И. _4340 |
|
| 702 | 1 |
_aЧекменева _bМ.А. _4220 |
|
| 702 | 1 |
_aНаринская _bР.И. _4220 |
|
| 702 | 1 |
_aСухачева _bИ.А. _4220 |
|
| 702 | 1 |
_aКозинец _bК.Е. _4220 |
|
| 712 | 0 | 1 |
_aРСФСР _bНародный комиссариат здравоохранения _3RU\NLR\AUTH\8810133821 _9763790 |
| 801 | 0 |
_aRU _bNLR _gpsbo |
|
| 801 | 1 |
_aRU _bELAR _2rusmarc |
|
| 852 |
_aNLR _jМд96 Г-3/19 |
||
| 942 | _cBOOK | ||
| 945 | _aРоссийская национальная библиотека | ||
| 980 | _aNB | ||
| 980 | _aBV | ||